LIBRARY & INFORMATION CENTRE, KCAET, TAVANUR

ONLINE PUBLIC ACCESS CATALOGUE (OPAC)

Normal view MARC view
  • Banking exam guide

Entry Topical Term

Number of records used in: 6

001 - CONTROL NUMBER

  • control field: 5816

003 - CONTROL NUMBER IDENTIFIER

  • control field: OSt

005 - DATE AND TIME OF LATEST TRANSACTION

  • control field: 20240203152914.0

008 - FIXED-LENGTH DATA ELEMENTS

  • fixed length control field: 240203|| aca||aabn | a|a d

040 ## - CATALOGING SOURCE

  • Original cataloging agency: OSt
  • Transcribing agency: OSt

150 ## - HEADING--TOPICAL TERM

  • Topical term or geographic name as entry element: Banking exam guide

670 ## - SOURCE DATA FOUND

  • Source citation: Work cat.: (OSt)13804: Institute of Banking Personal selection success master, 2012
free website counter